Statistics for Heavy ships of WW2

Click here to take the quiz!

General Stats

  • This quiz has been taken 415 times
  • The average score is 6 of 15

Answer Stats

Hint Answer % Correct
US battleship sunk at Pearl Harbor and now a major memorialArizona
82%
US battleship on which the Japanese instrument of surrender was signedMissouri
71%
What type of ship was HMS HoodBattlecruiser
70%
What year was this ship sunk in1943
66%
British battleship that sailed with Hood in her sortie against BismarckPrince of Wales
61%
Name the Gneisenau's sister shipScharnhorst
51%
British battleship sunk at Scapa Flow in 1939Royal Oak
38%
British battlecruiser sunk 10 December 1941Repulse
34%
US battleship now preserved at CamdenNew Jersey
28%
Original name of the LutzowDeutschland
22%
Sister ship of the YamotoMushashi
17%
RAF squadron that sunk the Tirpitz in conjunction with 9 Squadron617
15%
Colour the Admiral Scheer was painted in March 1945purple
6%
Remote control british battleshipCenturion
4%
Collective nickname of HM ships Rodney and NelsonCherry trees
3%

Score Distribution

Percentile by Number Answered

Percent of People with Each Score

Your Score History

You have not taken this quiz